[Event "SVK-chT5 1516"]
[Site "Slovakia"]
[Date "2016.01.30"]
[Round "6.2"]
[White "Macalka, Ondrej"]
[Black "Damborsky, Pavol"]
[Result "1/2-1/2"]
[WhiteElo "1602"]
[BlackElo "1674"]
[PlyCount "69"]
[EventDate "2015.10.24"]
[EventType "team-tourn"]
[EventRounds "9"]
[EventCountry "SVK"]
[SourceTitle "EXT 2017"]
[Source "ChessBase"]
[SourceDate "2016.10.25"]
[SourceVersion "1"]
[SourceVersionDate "2016.10.25"]
[SourceQuality "1"]
[WhiteTeam "Sastin Straze"]
[BlackTeam "Kopcany"]
[WhiteTeamCountry "SVK"]
[BlackTeamCountry "SVK"]

1. e4 e5 2. Nf3 d6 3. Bc4 c6 4. c3 h6 5. d4 Nd7 6. b3 Ngf6 7. Nbd2 b5 8. Bd3 Be7 9. a4 bxa4 10. Rxa4 Bb7 11. Ba3 Nb6 12. Ra5 Nbd5 13. Rxd5 cxd5 14. dxe5 dxe5 15. Bb5+ Kf8 16. Bxe7+ Qxe7 17. exd5 Bxd5 18. 0-0 Qc5 19. c4 Bxf3 20. Qxf3 Rd8 21. Ne4 Nxe4 22. Qxe4 g6 23. Qc6 Qxc6 24. Bxc6 Rd2 25. f4 f5 26. fxe5 Re2 27. Ra1 Rh7 28. Ra5 Re7 29. Rd5 R2xe5 30. Rd8+ Kg7 31. Bd5 Kf6 32. Rd6+ Kg5 33. h4+ Kxh4 34. Rxg6 Kh5 35. Rg8 1/2-1/2

[Event "SVK-chT5 1516"]
[Site "Slovakia"]
[Date "2015.12.19"]
[Round "4.2"]
[White "Macalka, Ondrej"]
[Black "Hyza, Richard"]
[Result "1-0"]
[WhiteElo "1602"]
[BlackElo "1000"]
[PlyCount "67"]
[EventDate "2015.10.24"]
[EventType "team-tourn"]
[EventRounds "9"]
[EventCountry "SVK"]
[SourceTitle "CBM 170 Extra"]
[Source "ChessBase"]
[SourceDate "2016.02.25"]
[SourceVersion "1"]
[SourceVersionDate "2016.02.25"]
[SourceQuality "1"]
[WhiteTeam "Sastin Straze"]
[BlackTeam "Gbely Nafta V"]
[WhiteTeamCountry "SVK"]
[BlackTeamCountry "SVK"]

1. e4 e5 2. Nf3 Nc6 3. Bc4 Bc5 4. c3 Nf6 5. d4 exd4 6. cxd4 Bb6 7. Bg5 h6 8. Bh4 d6 9. h3 Be6 10. d5 Bd7 11. dxc6 Bxc6 12. Nbd2 Qe7 13. Bxf6 Qxf6 14. 0-0 0-0 15. Qc2 Rad8 16. Bd3 g6 17. b4 a6 18. a4 Bd7 19. Nc4 Ba7 20. Na5 Rb8 21. Qxc7 Bc6 22. Nxc6 bxc6 23. Qxa7 Ra8 24. Qe3 Kg7 25. Qd4 Qxd4 26. Nxd4 c5 27. bxc5 dxc5 28. Nb3 Rac8 29. Bxa6 Rc7 30. Rac1 Re7 31. Nxc5 Kg8 32. Bb7 Rd8 33. Bd5 Kg7 34. a5 1-0

[Event "SVK-chT5 1516"]
[Site "Slovakia"]
[Date "2015.11.28"]
[Round "3.2"]
[White "Macalka, Ondrej"]
[Black "Drozd, Jan"]
[Result "0-1"]
[WhiteElo "1602"]
[BlackElo "1554"]
[PlyCount "106"]
[EventDate "2015.10.24"]
[EventType "team-tourn"]
[EventRounds "9"]
[EventCountry "SVK"]
[SourceTitle "CBM 170 Extra"]
[Source "ChessBase"]
[SourceDate "2016.02.25"]
[SourceVersion "1"]
[SourceVersionDate "2016.02.25"]
[SourceQuality "1"]
[WhiteTeam "Sastin Straze"]
[BlackTeam "Senica III"]
[WhiteTeamCountry "SVK"]
[BlackTeamCountry "SVK"]

1. e4 c5 2. Nf3 Nc6 3. c3 d5 4. exd5 Qxd5 5. Be2 Nf6 6. 0-0 e6 7. d4 cxd4 8. Nxd4 Nxd4 9. cxd4 Be7 10. Nc3 Qd8 11. Bf4 a6 12. Bf3 0-0 13. d5 exd5 14. Nxd5 Nxd5 15. Bxd5 Qb6 16. b3 Rd8 17. Qf3 Bf6 18. Rac1 Rd7 19. Rc2 Rxd5 20. Qxd5 Be6 21. Qd6 Qxd6 22. Bxd6 h6 23. Rc7 b5 24. Rfc1 a5 25. Rb7 a4 26. Rxb5 axb3 27. axb3 Ra6 28. Bc5 Ra2 29. b4 Bc3 30. h3 Bd2 31. Rd1 Bc4 32. Rb8+ Kh7 33. Rd8 Bg5 34. R8d7 Rb2 35. h4 Bf6 36. R7d2 Rb3 37. g3 Be6 38. Rd3 Rb2 39. R1d2 Rb1+ 40. Kg2 Bc4 41. Rd7 Bf1+ 42. Kh2 Bc4 43. Rd1 Rb3 44. Rc1 Be6 45. Rdd1 Rb2 46. Rb1 Rc2 47. Be3 Be5 48. b5 Rc4 49. b6 Rxh4+ 50. Kg2 Bh3+ 51. Kg1 Rh5 52. b7 Bg4 53. Rdc1 Bf3 0-1

[Event "SVK-chT5 SE-SI 1415"]
[Site "Slovakia"]
[Date "2015.03.21"]
[Round "11.2"]
[White "Macalka, Ondrej"]
[Black "Kanka, Tomas"]
[Result "1-0"]
[WhiteElo "1499"]
[BlackElo "1723"]
[PlyCount "109"]
[EventDate "2014.10.18"]
[EventType "team-tourn"]
[EventRounds "11"]
[EventCountry "SVK"]
[SourceTitle "EXT 2022"]
[Source "ChessBase"]
[SourceDate "2021.10.06"]
[SourceVersion "1"]
[SourceVersionDate "2021.10.06"]
[SourceQuality "1"]
[WhiteTeam "Sastin Straze"]
[BlackTeam "Gbely Nafta III"]
[WhiteTeamCountry "SVK"]
[BlackTeamCountry "SVK"]

1. e4 e5 2. Nf3 Nf6 3. Bc4 Nc6 4. d3 Be7 5. Bg5 d6 6. c3 0-0 7. Nbd2 a6 8. a4 h6 9. Bh4 Kh8 10. 0-0 Nh7 11. Bxe7 Qxe7 12. b4 f5 13. Re1 f4 14. d4 Bg4 15. Qc2 Bxf3 16. Nxf3 Ng5 17. Nxg5 Qxg5 18. d5 Ne7 19. f3 Ng6 20. Qf2 Rf6 21. Bf1 a5 22. Rab1 b6 23. c4 axb4 24. Rxb4 Nh4 25. Ra1 Qh5 26. Ra3 g5 27. h3 Ng6 28. Rb2 Nf8 29. Rba2 Ra5 30. Rb2 Nd7 31. Rb5 Ra7 32. a5 Qg6 33. Qb2 Rb7 34. axb6 Nxb6 35. Ra8+ Kg7 36. Qa2 Rf7 37. Qa6 Nxa8 38. Rxb7 Nb6 39. Qa7 Nc8 40. Qb8 Ne7 41. Qxc7 h5 42. Qd8 Qf6 43. Rb6 g4 44. Qxd6 Qg5 45. hxg4 hxg4 46. fxg4 f3 47. Rb2 Qe3+ 48. Rf2 fxg2 49. Qxe5+ Kg6 50. Qh5+ Kg7 51. Qxf7+ Kh6 52. Bxg2 Ng6 53. Kh2 Qg5 54. Qf5 Qh4+ 55. Bh3 1-0

[Event "SVK-chT5 SE-SI 1415"]
[Site "Slovakia"]
[Date "2014.11.29"]
[Round "4.2"]
[White "Macalka, Ondrej"]
[Black "Baumgartner, Milan"]
[Result "1-0"]
[WhiteElo "1499"]
[BlackElo "1585"]
[PlyCount "55"]
[EventDate "2014.10.18"]
[EventType "team-tourn"]
[EventRounds "11"]
[EventCountry "SVK"]
[SourceTitle "EXT 2022"]
[Source "ChessBase"]
[SourceDate "2021.10.06"]
[SourceVersion "1"]
[SourceVersionDate "2021.10.06"]
[SourceQuality "1"]
[WhiteTeam "Sastin Straze"]
[BlackTeam "Skalica IV"]
[WhiteTeamCountry "SVK"]
[BlackTeamCountry "SVK"]

1. e4 e5 2. Nf3 Nc6 3. Bc4 Bc5 4. c3 Nf6 5. d4 exd4 6. cxd4 Bb4+ 7. Bd2 d5 8. exd5 Bxd2+ 9. Nbxd2 Nxd5 10. 0-0 0-0 11. Nb3 Bg4 12. Be2 Nf4 13. Bc4 Qf6 14. Re1 Rad8 15. d5 Ne5 16. Be2 Rxd5 17. Qc2 Nxe2+ 18. Qxe2 Nxf3+ 19. gxf3 Qxf3 20. Qxf3 Bxf3 21. Rac1 c6 22. Re7 c5 23. Nxc5 Rc8 24. Rce1 h6 25. Nd7 Rg5+ 26. Kf1 Rc2 27. Re8+ Kh7 28. Nf8+ 1-0

[Event "SVK-chT5 SE-SI 1415"]
[Site "Slovakia"]
[Date "2014.10.25"]
[Round "2.2"]
[White "Macalka, Ondrej"]
[Black "Drozd, Jan"]
[Result "1-0"]
[WhiteElo "1499"]
[BlackElo "1509"]
[PlyCount "123"]
[EventDate "2014.10.18"]
[EventType "team-tourn"]
[EventRounds "11"]
[EventCountry "SVK"]
[SourceTitle "EXT 2022"]
[Source "ChessBase"]
[SourceDate "2021.10.06"]
[SourceVersion "1"]
[SourceVersionDate "2021.10.06"]
[SourceQuality "1"]
[WhiteTeam "Sastin Straze"]
[BlackTeam "Senica Slovakia"]
[WhiteTeamCountry "SVK"]
[BlackTeamCountry "SVK"]

1. e4 e5 2. Nf3 Nc6 3. Bc4 Bc5 4. c3 Nf6 5. d4 exd4 6. cxd4 Bb4+ 7. Bd2 Bxd2+ 8. Nbxd2 d5 9. exd5 Nxd5 10. Ne5 Nxe5 11. dxe5 0-0 12. Nf3 c6 13. 0-0 Bg4 14. h3 Bh5 15. Qb3 Nb6 16. Be2 Re8 17. Rfe1 Qc7 18. Qc3 Nd5 19. Qd4 Qb6 20. Qd2 Rad8 21. b3 Nb4 22. Qc3 Nd5 23. Qc4 Nc7 24. g4 Bg6 25. Bf1 Ne6 26. Rad1 h6 27. Rd6 Kf8 28. Red1 Qc7 29. Nh4 Bh7 30. f4 Nxf4 31. Rxd8 Rxd8 32. Rxd8+ Qxd8 33. Qxf4 g5 34. Qb4+ Kg8 35. Nf3 b6 36. Qd6 Qxd6 37. exd6 Kf8 38. Ne5 Be4 39. Bd3 Bd5 40. Bc4 Ke8 41. Kf2 f6 42. d7+ Ke7 43. d8Q+ Kxd8 44. Bxd5 fxe5 45. Bxc6 Ke7 46. Be4 Kd6 47. Ke3 Kc5 48. a3 a5 49. Bb7 Kd6 50. Ke4 Ke6 51. Bd5+ Kf6 52. Kd3 Ke7 53. Kc4 Kd6 54. Be4 Kc7 55. Kd5 Kd7 56. Kxe5 Ke7 57. Bd5 Kd7 58. Kf6 Kd6 59. Bc4 Kc5 60. Kg6 b5 61. Bxb5 Kxb5 62. Kxh6 1-0